| 000 | 00636 a2200181 4500 | ||
|---|---|---|---|
| 999 |
_c7302 _d7302 |
||
| 020 | _a0393973700 | ||
| 050 | 0 | 0 | _aHB172 VAR 1999 |
| 100 | 1 |
_aVarian, Hal R. _eauthor |
|
| 245 | 1 | 0 |
_aIntermediate microeconomics : _ba modern approach / _cHal R. Varian. |
| 250 | _a5th ed. | ||
| 264 |
_aNew York : _bW. W. Norton & Company, _c1999. |
||
| 300 |
_axxiv, 662, 39 p. : _bill. ; |
||
| 500 | _aIncludes index | ||
| 504 | _aIncludes bibliographical references | ||
| 650 | 0 | _aMicroeconomics. | |
| 942 |
_2lcc _cBK _e5th ed. _h172 _iVAR _kHB |
||